| 000 | 00863cab a2200229 4500 | ||
|---|---|---|---|
| 001 | L136839 | ||
| 008 | 070227n2007 000 0 eng u | ||
| 035 | _a(Sirsi) u136839 | ||
| 041 | 0 | _aeng | |
| 100 | 1 | _aEdwards, Simon | |
| 245 | 0 | 2 | _aA bit of a gamble |
| 260 | _c2007 | ||
| 490 | 0 | 0 |
_aEstates Gazette _v(0708) 24 February 2007, 128-130(3) |
| 520 | _aLooks at the town planning and valuation issues that are associated with casino uses in the light of new procedures which may affect existing casino values and create increased competition. | ||
| 590 | _aKA | ||
| 650 | 2 | 4 | _aGAMBLING ACT 2005 |
| 651 | 4 |
_aEngland and Wales _y1543- |
|
| 690 | _aPROPERTY-COMMERCIAL PROPERTY-LEISURE PROPERTY-ENTERTAINMENT PROPERTY | ||
| 690 | _aENVIRONMENTAL AND LAND CONSULTANCY-PLANNING AND DEVELOPMENT-USE REQUIREMENTS | ||
| 700 | 1 | _aUnderwood, Mark | |
| 942 | _n0 | ||
| 999 |
_c78464 _d78464 |
||